| 000 | 01304 a2200229 4500 | ||
|---|---|---|---|
| 003 | Nust | ||
| 005 | 20221129111147.0 | ||
| 010 | _a 92032192 | ||
| 020 | _a0534932193 | ||
| 040 | _cNust | ||
| 082 | 0 | 0 | _a519.4, BUR |
| 100 | 1 |
_aBurden, Richard L. _97191 |
|
| 245 | 1 | 0 |
_aNumerical analysis / _cRichard L. Burden, J. Douglas Faires. |
| 250 | _a5th ed. | ||
| 260 |
_aBoston : _bPWS-Kent Pub. Co., _cc1993. |
||
| 300 |
_axiv, 768 p. : _bill. (some col.) ; _c24 cm. |
||
| 440 | 4 |
_aThe Prindle, Weber & Schmidt series in mathematics _919448 |
|
| 505 | _aMathematical Preliminaries (Page -1), Solutions of Equations in One Variable (Page-39), Interpolation and Polynomial Approximation (Page-95), Numerical Differentiation and Integration (Page-156), Initial Value Problems for Ordinary Differential Equations (Page-232), Direct Methods for Solving Linear Systems (Page-323), Iterative Techniques in Matrix Algebra (Page-389), Approximation Theory (Page-435), Approximating Eigen values (Page-497), Numerical Solutions of Nonlinear Systems of Equations (Page-543), Boundary Value Problems for Ordinary Differential Equations( Page-577), Numerical Solutions to partial Differential Equations (Page-622). | ||
| 650 | 0 |
_aNumerical analysis. _9103 |
|
| 700 | 1 |
_aFaires, J. Douglas. _97190 |
|
| 942 |
_cREF _2ddc |
||
| 999 |
_c193485 _d193485 |
||